Bundesliga players 2003/04 - Statistics

General Stats
  • This quiz has been taken 6 times
  • The average score is 244 of 469
Answer Stats
Rank Player Positions Nationality Matches Goals Assists Clubs % Correct
24 Oliver Kahn GK 33 0 0
100%
9 Aílton Gonçalves FW 33 28 8
75%
148 Aleksander Knavs DF 25 1 0
75%
48 Alexander Hleb MF 31 5 6
75%
1 Andreas Reinke GK 34 0 0
75%
262 André Bergdølmo DF 16 0 0
75%
83 Andrés D'Alessandro MF, FW 29 3 11
75%
290 Andrew Sinkala MF 13 1 0
75%
230 Andriy Voronin MF, FW 19 4 2
75%
166 Angelos Charisteas FW 24 4 4
75%
324 Anton Vriesde DF 10 0 0
75%
2 Arie van Lent FW 34 9 5
75%
65 Arne Friedrich DF 30 3 2
75%
242 Artur Wichniarek FW 18 2 2
75%
133 Bastian Schweinsteiger DF, MF 26 4 3
75%
84 Bernardo Romeo FW 29 11 1
75%
11 Bernd Schneider DF, MF 33 10 7
75%
134 Bixente Lizarazu DF 26 1 1
75%
414 Bjarni Guðjónsson MF 3 1 0
75%
304 Boris Živković DF 12 0 0
75%
30 Boubacar Diarra DF 32 0 0
75%
243 Bradley Carnell DF, MF 18 1 2
75%
12 Bruno Berner DF, MF 33 1 5
75%
51 Cha Du-ri DF, MF 31 1 3
75%
151 Chris DF, MF 25 3 0
75%
251 Christian Fiedler GK 17 0 0
75%
121 Christian Poulsen MF 27 0 2
75%
252 Christian Schulz DF, MF 17 0 1
75%
101 Christian Springer MF 28 3 2
75%
52 Christian Wörns DF 31 1 3
75%
85 Christoph Preuß DF, MF 29 3 3
75%
53 Claudio Pizarro FW 31 11 4
75%
263 Clint Mathis MF, FW 16 4 2
75%
264 Collin Benjamin DF, MF 16 0 0
75%
31 Daniel Bierofka MF 32 4 2
75%
244 Danny Schwarz MF 18 3 0
75%
196 Darío Rodríguez DF 22 4 0
75%
13 Dariusz Wosz MF 33 4 9
75%
168 Dariusz Żuraw DF 24 1 0
75%
136 David Jarolím MF 26 1 3
75%
152 David Odonkor MF, FW 25 1 1
75%
181 Dedê DF 23 2 3
75%
221 Delron Buckley MF, FW 20 0 2
75%
222 Dick van Burik DF 20 0 0
75%
15 Diego Klimowicz FW 33 15 4
75%
123 Diego Placente DF 27 1 1
75%
16 Dimitar Berbatov FW 33 16 7
75%
66 Ebbe Sand FW 30 9 4
75%
275 Eduard Glieder FW 15 2 0
75%
67 Ellery Cairo MF, FW 30 1 4
75%
68 Ervin Skela MF, FW 30 8 7
75%
54 Ewerthon FW 31 16 4
75%
17 Fabian Ernst MF 33 2 11
75%
32 Fernando Meira DF, MF 32 1 1
75%
86 Florian Kringe DF, MF 29 1 2
75%
18 França FW 33 14 11
75%
155 Francis Kioyo FW 25 2 0
75%
33 Frank Baumann DF, MF 32 2 2
75%
124 Frank Rost GK 27 0 0
75%
34 Fredi Bobic FW 32 7 4
75%
245 Gábor Király GK 18 0 0
75%
401 Gerhard Tremmel GK 4 0 0
75%
223 Gernot Plassnegger DF 20 1 3
75%
276 Giuseppe Reina FW 15 3 0
75%
309 Godfried Aduobe MF 12 0 0
75%
254 Guillaume Warmuz GK 17 0 0
75%
453 Gustavo Varela MF 1 0 0
75%
293 Guy Demel DF, MF 13 0 1
75%
125 Halil Altıntop MF, FW 27 2 0
75%
69 Hamit Altıntop DF, MF 30 6 5
75%
137 Hanno Balitsch MF 26 0 0
75%
3 Hans-Jörg Butt GK 34 1 0
75%
70 Hans Sarpei DF 30 1 1
75%
454 Hany Ramzy DF 1 0 0
75%
35 Hasan Salihamidžić DF, MF 32 4 2
75%
55 Horst Heldt MF 31 1 8
75%
126 Igor Demo MF 27 4 1
75%
138 Imre Szabics FW 26 9 3
75%
247 Ingo Hertzsch DF 18 1 0
75%
182 Ioannis Amanatidis MF, FW 23 7 0
75%
87 Ivan Klasnić FW 29 13 11
75%
4 Ivo Ulich MF 34 4 3
75%
36 Jan Koller FW 32 16 4
75%
56 Jeff Strasser DF 31 1 1
75%
197 Jens Jeremies MF 22 1 1
75%
198 Jens Nowotny DF 22 1 1
75%
37 Johan Micoud MF 32 10 6
75%
105 Joonas Kolkka MF 28 2 3
75%
233 Jörg Heinrich DF, MF 19 0 0
75%
106 Jörg Stiel GK 28 0 0
75%
183 Joris Van Hout MF, FW 23 3 1
75%
139 José Dominguez MF 26 1 2
75%
107 Josip Šimunić DF 28 0 0
75%
88 Juan DF 29 2 1
75%
108 Juan Carlos Menseguez MF, FW 28 0 3
75%
71 Julian de Guzmán MF 30 2 3
75%
199 Jurica Vranješ MF 22 0 1
75%
200 Kamil Kosowski MF 22 0 2
75%
294 Kim Madsen DF 13 0 0
75%
184 Kléber DF 23 1 3
75%
72 Krisztián Lisztes MF 30 3 5
75%
267 Lucien Mettomo DF 16 1 0
75%
127 Lúcio DF 27 3 1
75%
234 Lukas Podolski MF, FW 19 10 0
75%
171 Magnus Arvidsson FW 24 6 3
75%
186 Maik Franz DF 23 2 1
75%
172 Mamadou Diabang FW 24 4 1
75%
459 Manuel Friedrich DF 1 0 0
75%
296 Marco Streller FW 13 3 0
75%
73 Marc Ziegler GK 30 0 0
75%
57 Marian Hristov MF 31 8 4
75%
187 Marino Biliškov DF 23 3 0
75%
38 Marko Babić DF, MF 32 6 8
75%
174 Marko Rehmer DF 24 0 1
75%
284 Markus Feulner MF 14 1 0
75%
91 Markus Schroth FW 29 6 5
75%
210 Markus Weissenberger MF 21 3 5
75%
285 Martín Demichelis DF, MF 14 2 2
75%
22 Martin Max FW 33 20 5
75%
109 Martin Petrov MF, FW 28 8 6
75%
23 Mathias Schober GK 33 0 0
75%
257 Matthias Lehmann MF 17 1 0
75%
39 Mehdi Mahdavikia DF, MF 32 4 8
75%
110 Michael Ballack MF 28 7 12
75%
40 Michael Hofmann GK 32 0 0
75%
313 Michael Lehmann MF 12 0 0
75%
352 Milan Fukal DF, MF 8 1 0
75%
58 Miroslav Karhan MF 31 4 6
75%
140 Miroslav Klose FW 26 10 3
75%
75 Mladen Krstajić DF 30 3 1
75%
141 Mohammadou Idrissou FW 26 4 3
75%
190 Moses Sichone DF 23 0 0
75%
191 Nando Rafael FW 23 5 1
75%
93 Naohiro Takahara FW 29 2 2
75%
213 Nelson Valdez FW 21 5 3
75%
128 Niclas Jensen DF 27 1 1
75%
76 Nico-Jan Hoogma DF 30 2 1
75%
287 Niels Oude Kamphuis DF, MF 14 2 1
75%
258 Niko Kovač MF 17 1 2
75%
297 Nzelo Hervé Lembi DF 13 0 0
75%
59 Oka Nikolov GK 31 0 0
75%
41 Oliver Neuville FW 32 5 3
75%
159 Owen Hargreaves MF 25 2 3
75%
113 Pablo Thiam DF, MF 28 1 1
75%
94 Pál Dárdai MF 29 0 1
75%
77 Patrick Weiser DF, MF 30 0 3
75%
202 Paul Agostino FW 22 5 0
75%
129 Paul Freier MF 27 1 6
75%
25 Paul Stalteri DF, MF 33 2 1
75%
42 Peter Madsen FW 32 13 4
75%
114 Philipp Bönig DF 28 0 1
75%
60 Philipp Lahm DF, MF 31 1 2
75%
130 Rade Prica FW 27 3 6
75%
78 Raphaël Wicky DF, MF 30 0 2
75%
115 Raymond Kalla DF 28 1 1
75%
5 Razundara Tjikuzu DF, MF 34 4 4
75%
6 Rein van Duijnhoven GK 34 0 0
75%
288 Rémo Meyer DF 14 0 1
75%
192 Richard Golz GK 23 0 0
75%
238 Robert Kovač DF 19 0 0
75%
239 Roberto Pinto MF 19 2 0
75%
226 Robson Ponte MF, FW 20 2 8
75%
259 Roda Antar MF 17 7 1
75%
79 Rodrigo Costa DF 30 1 0
75%
95 Roman Týce DF, MF 29 0 0
75%
260 Roman Weidenfeller GK 17 0 0
75%
117 Roque Santa Cruz FW 28 5 2
75%
43 Roy Makaay FW 32 23 7
75%
227 Salvatore Gambino MF, FW 20 3 3
75%
193 Samuel Kuffour DF 23 1 1
75%
194 Sebastian Kehl DF, MF 23 1 2
75%
44 Sergej Barbarez MF, FW 32 10 6
75%
299 Sérgio Pinto MF, FW 13 0 2
75%
142 Silvio Meißner MF 26 4 1
75%
143 Simon Jentzsch GK 26 0 0
75%
27 Søren Colding DF 33 1 1
75%
96 Soumaila Coulibaly MF 29 4 3
75%
97 Stefan Lexa MF 29 0 2
75%
61 Stefan Reuter DF, MF 31 0 0
75%
62 Stefan Schnoor DF 31 2 1
75%
176 Stefan Wächter GK 24 0 0
75%
45 Stefan Wessels GK 32 0 0
75%
278 Stephan Kling DF 15 0 1
75%
98 Steve Cherundolo DF 29 0 3
75%
215 Sunday Oliseh DF, MF 21 1 8
75%
161 Sven Vermant MF 25 2 7
75%
321 Teddy Lučić DF 11 0 0
75%
119 Thomas Brdarić FW 28 12 5
75%
144 Thomas Christiansen FW 26 9 3
75%
204 Thomas Cichon DF 22 0 0
75%
378 Thomas Ernst GK 6 0 0
75%
228 Thomas Rytter DF 20 0 1
75%
426 Thomas Schneider DF 3 0 0
75%
301 Þórður Guðjónsson MF, FW 13 0 1
75%
162 Tim Borowski MF 25 1 3
75%
7 Timo Hildebrand GK 34 0 0
75%
80 Tim Wiese GK 30 0 0
75%
240 Tomáš Rosický MF 19 2 0
75%
379 Tomasz Kłos DF 6 0 0
75%
229 Tomasz Wałdoch DF 20 2 1
75%
8 Tomasz Zdebel MF 34 2 1
75%
81 Torben Hoffmann DF 30 1 1
75%
272 Torsten Frings MF 16 4 4
75%
368 Torsten Reuter DF, MF 7 0 0
75%
205 Ümit Davala DF, MF 22 0 1
75%
63 Václav Svěrkoš FW 31 9 2
75%
46 Vahid Hashemian MF, FW 32 16 5
75%
47 Valérien Ismaël DF 32 4 3
75%
316 Victor Agali FW 12 3 0
75%
427 Vladimir But MF 3 0 1
75%
369 Vyacheslav Hleb MF, FW 7 0 0
75%
219 Willy Sagnol DF 21 1 4
75%
261 Yıldıray Baştürk MF 17 2 4
75%
82 Zé Roberto DF, MF 30 2 9
75%
147 Zlatan Bajramović MF 26 6 3
75%
28 Zvonimir Soldo DF, MF 33 3 0
75%
289 Ahmed Reda Madouni DF 13 1 0
50%
220 Albert Streit MF 20 1 0
50%
64 Aleksandre Iashvili MF, FW 30 9 5
50%
149 Alexander Madlung DF 25 3 0
50%
397 Alexander Meier MF, FW 4 0 0
50%
49 Alexander Schur MF 31 4 2
50%
150 Alexander Voigt DF 25 0 2
50%
302 Altin Lala MF 12 0 1
50%
29 Andreas Görlitz DF, MF 32 1 2
50%
99 Andreas Hinkel DF 28 0 2
50%
178 Andreas Neuendorf MF 23 4 4
50%
303 Andreas Schmidt DF, MF 12 0 0
50%
179 Andreas Zeyer MF 23 2 1
50%
207 Antonio Di Salvo FW 21 4 2
50%
167 Bart Goor MF 24 0 4
50%
132 Bastian Reinhardt DF 26 3 0
50%
100 Benjamin Lauth FW 28 9 2
50%
291 Bernd Hollerbach DF, MF 13 0 0
50%
10 Bernd Korzynietz DF, FW 33 0 6
50%
180 Bill Tchato DF 23 1 1
50%
231 Björn Schlicke DF 19 1 0
50%
273 Cacau FW 15 5 1
50%
274 Carsten Cullmann DF 15 0 2
50%
50 Carsten Ramelow DF, MF 31 2 0
50%
415 Christian Lell DF 3 0 0
50%
208 Christian Rahn DF, MF 21 7 4
50%
122 Christian Tiffert MF 27 2 0
50%
135 Christoph Dabrowski MF 26 0 0
50%
279 Clemens Fritz DF, MF 14 1 1
50%
14 Delano Hill DF 33 0 1
50%
346 Dennis Cagara DF 8 0 0
50%
305 Dimitrios Grammozis MF 12 1 1
50%
306 Edu FW 12 0 0
50%
325 Evanílson DF, FW 10 0 0
50%
253 Fernando Baiano FW 17 11 2
50%
326 Fernando Santos DF 10 0 0
50%
307 Filip Tapalović MF 12 0 0
50%
19 Frank Fahrenhorst DF 33 7 1
50%
246 Gabriel Melkam DF, MF 18 1 0
50%
169 Gerald Asamoah MF, FW 24 4 2
50%
399 Gerd Wimmer DF, MF 4 0 0
50%
170 Harald Cerny MF 24 0 3
50%
232 Heiko Gerber DF, MF 19 1 1
50%
265 Ibrahim Tanko FW 16 0 0
50%
255 Janne Saarinen DF, MF 17 0 0
50%
429 Jens Keller DF 2 0 0
50%
404 Jermaine Jones MF 4 0 0
50%
266 Jiří Štajner MF, FW 16 3 2
50%
104 Joakim Persson DF, MF 28 1 2
50%
281 Jörg Böhme MF 14 2 4
50%
282 Jurica Puljiz DF 14 1 0
50%
20 Kevin Kurányi FW 33 11 5
50%
201 Kostas Konstantinidis DF 22 1 1
50%
310 Lance Davids MF 12 0 1
50%
295 Lars Hermel DF 13 0 0
50%
185 Lars Ricken MF, FW 23 2 5
50%
89 Levan Kobiashvili DF, MF 29 0 2
50%
90 Levan Tskitishvili MF 29 4 1
50%
406 Ludovic Magnin DF 4 0 0
50%
407 Lukas Sinkiewicz DF, MF 4 0 0
50%
249 Marcel Maltritz DF, MF 18 1 2
50%
173 Marcelo Bordon DF 24 5 3
50%
268 Marcelo Pletsch DF 16 0 1
50%
409 Márcio Amoroso FW 4 4 0
50%
388 Marco Vorbeck FW 5 1 0
50%
21 Marcus Lantz MF 33 1 3
50%
256 Marius Ebbers FW 17 1 0
50%
157 Marko Topić FW 25 3 3
50%
224 Markus Beierle FW 20 4 2
50%
74 Markus Kreuz MF 30 1 2
50%
312 Martin Meichelbeck DF 12 4 0
50%
340 Martin Pieckenhagen GK 9 0 0
50%
188 Martin Stranzl DF, MF 23 0 1
50%
92 Matthias Scherz FW 29 4 4
50%
286 Mehmet Dragusha MF 14 1 0
50%
391 Mehmet Scholl MF 5 0 1
50%
462 Michael Melka GK 1 0 0
50%
436 Michael Rensing GK 2 0 0
50%
437 Michael Wiesinger MF 2 0 0
50%
211 Mika Nurmela MF 21 0 2
50%
189 Mike Hanke FW 23 2 3
50%
270 Mirko Hrgović MF 16 0 0
50%
212 Miroslav Stević MF 21 1 0
50%
236 Nebojša Krupniković MF 19 2 4
50%
225 Nico Frommer FW 20 2 2
50%
111 Nico Van Kerckhoven DF, FW 28 1 1
50%
112 Oliver Schröder DF, MF 28 1 3
50%
214 Oumar Kondé DF 21 0 1
50%
298 Per Mertesacker DF 13 0 1
50%
438 Peter Van Houdt FW 2 0 0
50%
331 Piotr Trochowski MF 10 1 0
50%
116 René Rydlewicz MF, FW 28 7 4
50%
26 Sascha Riether DF, MF 33 3 2
50%
320 Sebastian Deisler MF 11 4 3
50%
314 Sebastian Helbig MF, FW 12 0 0
50%
422 Sebastian Schindzielorz MF 3 0 0
50%
315 Silvio Schröter MF 12 0 1
50%
131 Slađan Ašanin DF 27 1 0
50%
425 Stanko Svitlica FW 3 1 0
50%
195 Stefan Beinlich MF 23 2 4
50%
118 Stefan Müller DF 28 0 0
50%
358 Stijn Vreven DF 8 0 0
50%
344 Sven Müller DF, MF 9 1 1
50%
145 Thomas Kläsener DF 26 0 0
50%
216 Thomas Linke DF 21 0 0
50%
333 Thomas Meggle MF 10 0 0
50%
120 Thomas Rasmussen DF, MF 28 3 6
50%
394 Thorben Marx MF 5 0 0
50%
163 Timo Wenzel DF 25 0 0
50%
359 Tobias Rau DF 8 0 1
50%
146 Tomáš Ujfaluši DF 26 0 0
50%
241 Tomasz Hajto DF 19 1 0
50%
164 Uwe Möhrle DF 25 1 1
50%
206 Vinícius Bergantin DF 22 1 0
50%
165 Vratislav Lokvenc FW 25 8 2
50%
177 Wilfried Sanou MF, FW 24 3 1
50%
445 Zvjezdan Misimović MF 2 0 0
50%
381 Abel Xavier DF 5 0 0
25%
317 Andreas Möller MF 11 0 0
25%
413 André Lenz GK 3 0 0
25%
335 Aníbal Matellán DF 9 1 0
25%
360 Bartosz Karwan MF 7 0 0
25%
447 Christophe Lepoint DF, MF 1 0 0
25%
384 Daniel Schumann DF 5 0 0
25%
102 Daniel Stendel FW 28 4 2
25%
336 Danijel Štefulj DF, MF 9 0 1
25%
398 Denis Wolf MF, FW 4 1 0
25%
103 Dennis Kruppke MF, FW 28 1 1
25%
153 Dirk Lottner DF, MF 25 4 3
25%
417 Dorinel Munteanu MF 3 0 1
25%
385 Emanuel Centurión MF 5 0 1
25%
154 Enrico Gaede MF 25 0 0
25%
361 Fabian Lamotte DF 7 1 0
25%
452 Fabian Montabell FW 1 0 0
25%
347 Filip Trojan MF 8 0 0
25%
280 Flávio Conceição MF 14 1 1
25%
292 Geri Çipi DF 13 0 0
25%
402 Giovane Élber FW 4 1 0
25%
308 Giovanni Federico MF 12 0 0
25%
348 Hakan Yakin MF, FW 8 0 2
25%
209 Henning Bürger DF, MF 21 1 2
25%
403 Holger Wehlage MF 4 0 0
25%
455 Ioannis Masmanidis MF 1 0 0
25%
418 Ivica Banović MF 3 0 0
25%
327 Jaime MF 10 1 0
25%
456 Jan-Ingwer Callsen-Bracker DF 1 0 0
25%
373 Jan Šimák MF 6 2 1
25%
349 Jean-Clotaire Tsoumou-Madza DF 8 0 0
25%
248 Jochen Seitz DF, MF 18 2 2
25%
405 Joshua Kennedy FW 4 0 0
25%
328 Juan Fernández DF, MF 10 0 2
25%
338 Julian Reinard GK 9 0 0
25%
457 Karsten Fischer DF, MF 1 0 0
25%
430 Kristjan Glibo DF, MF 2 0 0
25%
387 Lawrence Aidoo MF, FW 5 0 1
25%
283 Malik Fathi DF 14 0 1
25%
350 Malte Metzelder DF 8 0 1
25%
363 Marcel Ketelaer MF, FW 7 0 1
25%
269 Marco Kurz DF 16 0 0
25%
431 Marco Reich MF, FW 2 0 0
25%
339 Marcus Pürk MF, FW 9 0 0
25%
461 Mario Gómez FW 1 0 0
25%
351 Markus Anfang MF 8 0 1
25%
389 Markus Brzenska DF 5 0 0
25%
433 Markus Happe DF 2 0 0
25%
311 Markus Hausweiler MF 12 1 0
25%
434 Markus Husterer DF 2 0 0
25%
419 Markus Pröll GK 3 0 0
25%
235 Markus Schuler DF 19 0 1
25%
410 Max Eberl DF 4 0 0
25%
277 Michael Delura MF, FW 15 4 0
25%
420 Michal Kovář DF 3 0 0
25%
364 Morten Skoubo FW 7 0 0
25%
158 Mustafa Doğan DF 25 1 0
25%
237 Nenad Bjelica MF 19 2 3
25%
376 Otto Addo MF 6 0 1
25%
392 Pablo Quatrocchi DF 5 1 0
25%
464 Pascal Borel GK 1 0 0
25%
365 Pascal Ojigwe DF, MF 7 0 0
25%
465 Patrick Wittich MF 1 0 0
25%
203 Peer Kluge MF 22 0 0
25%
366 Pekka Lagerblom DF, MF 7 0 1
25%
377 Radosław Kałużny MF 6 0 0
25%
343 Rolf-Christel Guié-Mien MF 9 0 0
25%
175 Ronald Maul MF 24 0 2
25%
439 Roy Präger FW 2 0 0
25%
421 Rubén DF 3 0 0
25%
466 Salim Djefaflia FW 1 0 0
25%
355 Sead Ramović GK 8 0 0
25%
423 Serge Branco DF, MF 3 0 0
25%
424 Seyi Olajengbesi DF 3 0 0
25%
393 Shao Jiayi MF 5 0 1
25%
440 Simon Cziommer MF 2 0 0
25%
356 Sofian Chahed DF, MF 8 0 0
25%
467 Steffen Korell DF 1 0 0
25%
441 Stephan Schulz-Winge DF, MF 2 0 0
25%
160 Sven Günther DF, MF 25 0 0
25%
300 Thomas Broich MF 13 2 3
25%
322 Thomas Drescher DF 11 0 1
25%
332 Thomas Hengen DF 10 0 1
25%
217 Thomas Riedl DF, MF 21 0 1
25%
442 Timo Reus GK 2 0 0
25%
334 Tobias Willi MF 10 0 1
25%
367 Tomislav Marić FW 7 1 0
25%
443 Tom Starke GK 2 0 0
25%
380 Viktor Skrypnyk DF, MF 6 1 0
25%
444 Vivaldo Nascimento DF 2 0 0
25%
323 Vladan Grujić MF 11 0 0
25%
411 Volkan Ünlü GK 4 0 0
25%
395 Waldo Ponce DF 5 0 0
25%
370 Alcides DF 6 0 0
0%
345 Aleksandar Mladenov MF 8 0 1
0%
412 Alexander Bade GK 3 0 0
0%
396 Alexander Ludwig MF 4 0 0
0%
250 Andree Wiedener DF 17 0 0
0%
446 Christian Ritter FW 1 0 0
0%
371 Christian Timm FW 6 1 1
0%
416 Christofer Heimeroth GK 3 0 0
0%
382 Claus Reitmaier GK 5 0 0
0%
318 Daniel Baier MF 11 0 0
0%
383 Daniel Borimirov MF 5 0 0
0%
448 Daniel Haas GK 1 0 0
0%
428 Daniel Klewer GK 2 0 0
0%
449 Danko Bošković FW 1 0 0
0%
450 David Montero MF 1 0 0
0%
372 Denis Lapaczinski DF 6 1 1
0%
451 Eren Şen MF, FW 1 0 0
0%
400 Gerhard Poschner MF 4 0 0
0%
337 Jochen Kientz DF 9 0 0
0%
386 Kenan Şahin FW 5 0 0
0%
329 Lars Jacobsen DF 10 0 0
0%
458 Lars Weißenfeldt DF 1 0 0
0%
374 Leandro MF 6 1 0
0%
375 Lincoln MF 6 2 1
0%
362 Luizão FW 7 2 0
0%
156 Marcelinho Paraíba MF, FW 25 8 7
0%
408 Marcel Podszus FW 4 0 0
0%
460 Marcel Schäfer DF, MF 1 0 0
0%
390 Markus Daun FW 5 0 2
0%
432 Markus Dworrak MF, FW 2 0 0
0%
341 Michael Hartmann DF, MF 9 0 0
0%
435 Michael Lejan MF 2 0 0
0%
463 Michael Niedrig MF 1 0 0
0%
330 Michał Bemben DF, MF 10 0 1
0%
353 Milan Obradović DF 8 0 0
0%
354 Oliver Kirch DF, MF 8 0 0
0%
342 Rodolfo Cardoso MF 9 0 0
0%
319 Sahr Senesie MF, FW 11 0 0
0%
271 Stefan Malz DF, MF 16 1 0
0%
357 Steffen Freund MF 8 0 0
0%
468 Thorsten Fink MF 1 0 0
0%
218 Uwe Bindewald DF 21 0 0
0%
469 Uwe Kamps GK 1 0 0
0%
No matching quizzes found
Score Distribution
Percent of People with Each Score
Percentile by Number Answered
Your Score History
You have not taken this quiz